Nová úprava elektronických reklam a šíření obchodních sdělení v právu ČR
Nová právna úprava obchodných správ a reklamy v elektronických komunikačných prostriedkov podľa zákona 480/2004 Sb. o niektorých službách informačnej spoločnosti. Predchádzajúca právna regulácia a rozbor hlavných inštitúcií a princípov, ktoré sa uplatňujú podľa zákona 480/2004 Sb. v súlade so Smerni...
Na minha lista:
| Autor principal: | |
|---|---|
| Formato: | Capítulo de Livro |
| Idioma: | tcheco |
| Assuntos: | |
| Tags: |
Sem tags, seja o primeiro a adicionar uma tag!
|
MARC
| LEADER | 00000naa$a2200000$$$4500 | ||
|---|---|---|---|
| 001 | 0042063 | ||
| 005 | 20231102091749.4 | ||
| 041 | 0 | |a cze | |
| 044 | |a SK | ||
| 245 | 1 | 0 | |a Nová úprava elektronických reklam a šíření obchodních sdělení v právu ČR |c Michal Černý |
| 520 | |a Nová právna úprava obchodných správ a reklamy v elektronických komunikačných prostriedkov podľa zákona 480/2004 Sb. o niektorých službách informačnej spoločnosti. Predchádzajúca právna regulácia a rozbor hlavných inštitúcií a princípov, ktoré sa uplatňujú podľa zákona 480/2004 Sb. v súlade so Smernicou 2000/31/ES a elektronickom obchode. Rozbor právnej regulácie spammingových praktík v americkom práve, a to ako federálneho zákona, tak aj štatútu jednotlivých štátov. | ||
| 610 | 2 | 0 | |a právo obchodné |
| 610 | 2 | 0 | |a Česko |
| 610 | 2 | 0 | |a reklama |
| 610 | 2 | 0 | |a internet |
| 610 | 2 | 0 | |a obchod elektronický |
| 610 | 2 | 0 | |a USA |
| 610 | 2 | 0 | |a služby informačné |
| 610 | 2 | 0 | |a technológie informačné |
| 610 | 2 | 0 | |a technológie komunikačné |
| 610 | 2 | 0 | |a regulácia |
| 100 | 1 | |a Černý, Michal | |